|
|
|
|
| LEADER |
00000cam a2200000 7i4500 |
| 001 |
0000035979 |
| 005 |
20130529.0 |
| 008 |
130529 |
| 020 |
|
|
|a 9673713905
|
| 090 |
0 |
0 |
|a 297.577
|b MUH
|
| 100 |
0 |
|
|a Muhammad Rasyid Dimas
|
| 245 |
1 |
0 |
|a 20 Kelemahan dalam mendidik anak
|c Muhammad Rasyid Dimas
|
| 260 |
|
|
|a KL :
|b SynergyMedia ,
|c [s.n]
|
| 650 |
|
0 |
|a Parent and child
|
| 999 |
|
|
|a 0001166003
|b Book
|c Adult Collection
|e Cawangan Bandar Penawar
|
| 999 |
|
|
|a 0001166004
|b Book
|c Adult Collection
|e Cawangan Bukit Gambir
|
| 999 |
|
|
|a 0001166005
|b Book
|c Adult Collection
|e Cawangan Bandar Tenggara
|
| 999 |
|
|
|a 0001166006
|b Book
|c Adult Collection
|e Cawangan Mersing
|
| 999 |
|
|
|a 0001166008
|b Book
|c Adult Collection
|e Cawangan Kota Tinggi
|
| 999 |
|
|
|a 0001166009
|b Book
|c Adult Collection
|e Perbadanan Perpustakaan Awam Johor
|
| 999 |
|
|
|a 0001166013
|b Book
|c Adult Collection
|e Cawangan Segamat
|
| 999 |
|
|
|a 0001166015
|b Book
|c Adult Collection
|e Cawangan Taman Sri Lambak
|
| 999 |
|
|
|a 0001166016
|b Book
|c Adult Collection
|e Cawangan Tmn. Ungku Tun Aminah
|